书目信息 |
| 题名: |
国有独资公司法人制度设计专论
|
|
| 作者: | 黄勇 著 | |
| 分册: | ||
| 出版信息: | 北京 法律出版社 2014 |
|
| 页数: | 479页 | |
| 开本: | 21cm | |
| 丛书名: | ||
| 单 册: | ||
| 中图分类: | D922.291.914 | |
| 科图分类: | ||
| 主题词: | 国有企业--公司--法人--研究--中国 | |
| 电子资源: | ||
| ISBN: | 978-7-5118-5865-8 | |
| 000 | 00967nam0 2200229 450 | |
| 001 | 519 | |
| 005 | 20140908081646.95 | |
| 010 | @a978-7-5118-5865-8@dCNY49.00 | |
| 100 | @a20140626d2014 em y0chiy50 ea | |
| 101 | 0 | @achi |
| 102 | @aCN@b110000 | |
| 105 | @ay z 000yy | |
| 106 | @ar | |
| 200 | 1 | @a国有独资公司法人制度设计专论@AGuo You Du Zi Gong Si Fa Ren Zhi Du She Ji Zhuan Lun@f黄勇著@FHuang Yong Zhu |
| 210 | @a北京@c法律出版社@d2014 | |
| 215 | @a479页@d21cm | |
| 330 | @a本书以国有独资公司法人的设立、存续和终止的“生命过程”为主线,以国有独资公司产权管理制度、法人治理制度、经营管理制度和法人终止制度为主要内容,以国内现行有效的涉及国有独资公司的法律、法规、行政规章为法律依据,以国内一流企业管理制度为撰写取向,完整、全面论述国有独资公司法人制度的设计与撰写。 | |
| 606 | 0 | @a国有企业@x公司@x法人@x研究@y中国 |
| 690 | @aD922.291.914@v5 | |
| 701 | 0 | @a黄勇@AHuang Yong@4著 |
| 801 | 0 | @aCN@bTANGWEI@c20140603 |
| 905 | @b0838915-17@dD922.291.914@e1119@f3 | |
| 国有独资公司法人制度设计专论/黄勇著.-北京:法律出版社,2014 |
| 479页;21cm |
| ISBN 978-7-5118-5865-8:CNY49.00 |
| 本书以国有独资公司法人的设立、存续和终止的“生命过程”为主线,以国有独资公司产权管理制度、法人治理制度、经营管理制度和法人终止制度为主要内容,以国内现行有效的涉及国有独资公司的法律、法规、行政规章为法律依据,以国内一流企业管理制度为撰写取向,完整、全面论述国有独资公司法人制度的设计与撰写。 |
| ● |
| 相关链接 |
|
|
|
|
正题名:国有独资公司法人制度设计专论
索取号:D922.291.914/1119
 
预约/预借
| 序号 | 登录号 | 条形码 | 馆藏地/架位号 | 状态 | 备注 |
| 1 | 0838915 | 208389153 | 第一样本阅览室/ [索取号:D922.291.914/1119] | 在馆 | |
| 2 | 0838916 | 208389162 | 密集书库-史法系/ [索取号:D922.291.914/1119] | 在馆 | |
| 3 | 0838917 | 208389171 | 第一借阅区/ [索取号:D922.291.914/1119] | 在馆 |